LEADER 02015nam a2200409 i 4500 001 000000166564 003 CaOOAMICUS 005 20161004000000.0 008 161004s1997 it u000 u ita u 013 $a143933 020 $a88-7750-471-4 040 $aSeMil$bita 100 1 $aCavallo, Melita.$0(OLS)http://semarc/name/62741 245 13$aLa famiglia difficile :$besperienze e proposte per affrontare le crisi domestiche /$ccontributi di Melita Cavallo ... [et al.] ; a cura di Giorgio Chiosso e Mario Tortello. 260 $aTorino :$bUTET Libreria,$c1997. 300 $aXIII, 231 p. ;$c21 cm. 490 0 $aStrumenti per le scienze della formazione 650 4$aFamiglia - Educazione.$0(OLS)http://semarc/subject/10676 650 4$aFamiglia - Problemi - Testimonianze.$0(OLS)http://semarc/subject/18443 650 4$aFamiglia - Italia - 1980-1996.$0(OLS)http://semarc/subject/31665 700 1 $aTortello, Mario.$0(OLS)http://semarc/name/4017 700 1 $aChiosso, Giorgio,$d<1945- >.$0(OLS)http://semarc/name/10433 774 0 $tQuando nasce una famiglia.$w()326817 774 0 $tFamiglia fragile.$w()326818 774 0 $tFamiglia distruttiva.$w()326819 774 0 $tFamiglia multietnica.$w()326820 774 0 $tFamiglia e la marginalità.$w()326821 774 0 $tFamiglia e il giudice minorile.$w()326822 774 0 $tFamiglia e la condizione anziana.$w()326823 774 0 $tFamiglie difficili: oltre la patologia.$w()326824 830 0$aStrumenti per le scienze della formazione.$0(OLS)http://semarc/title/45194 850 $aSeMil 852 $aSeMil$W1$xVenegono$y1$m2Q IV 27 -$j117727$B117727$CSeMilBibl$Z2$F213628 $81 961 $aOmaggio: Università Cattolica del Sacro Cuore 996 $6020$a88-7750-471-4$9(OLS)http://semarc/number/153090 996 $6245$aLa famiglia difficile :$besperienze e proposte per affrontare le crisi domestiche$9(OLS)http://semarc/title/238022 996 $6260$aTorino :$bUTET Libreria$9(OLS)http://semarc/publisher/32208 LEADER 00483nab a2200145 i 4500 001 000000314480 003 CaOOAMICUS 005 20180831173132.0 008 180831n xx uu u0 0und r 013 $a23567 040 $aSeMil$bita 100 1 $aColombo, Bernardo,$d<1919-2012>.$0(OLS)http://semarc/name/42904 245 10$aDinamica della popolazione mondiale. 773 0 $t[Gennaio-Dicembre].$g344-356$w()274264 996 $6245$aDinamica della popolazione mondiale$9(OLS)http://semarc/title/388648 LEADER 00979nam a2200217 i 4500 001 000000333958 003 CaOOAMICUS 005 20190612110101.0 008 190612s2017 it a u100 u ita u 013 $a23898 040 $aSeMil$bita 245 10$aVol. 1. 264 1$aCittà del Vaticano :$bLibreria Editrice Vaticana,$c2017. 300 $aXXVII, 242 p., [1] carta di tav. :$britr. ;$c25 cm. 700 1 $aGullo, Carlo,$ededicatario.$0(OLS)http://semarc/name/6445 773 0 $tStudi in onore di Carlo Gullo .$dCittà del Vaticano : Libreria Editrice Vaticana, 2017.$kAnnales doctrinae et iurisprudentiae canonicae [Libreria ed. vaticana]$z978-88-266-0025-3$w()333957 850 $aSeMil 852 $aSeMil$W1$xVenegono$y1$m2H V 49$j213513$B226272$CSeMilBibl$Z2$F226272 $81 996 $6245$aVol. 1$9(OLS)http://semarc/title/13429 996 $6264$aCittà del Vaticano :$bLibreria Editrice Vaticana$9(OLS)http://semarc/publisher/29734 LEADER 01453nam a2200217 i 4500 001 000000236839 003 CaOOAMICUS 005 20141211000000.0 008 141211s1721 it u000 u fre u 013 $a215744 026 $asese x-ue ite, veli (3) 1721 (R) 040 $aSeMil$bita 245 10$aTome quatrieme. Suite de la troisième partie, qui comprend toutes les differentes congregations, et les ordres militaires qui ont été soumis à la regle de saint Augustin. 300 $a[8], 464, [42] p., 112 carte di tav. :$bill. 500 $aTav. calcogr. incise da P. Giffart, S. Thomassin, C. Duflos. 773 0 $aHelyot, Pierre$tHistoire des ordres monastiques, religieux et militaires, et des congregations seculieres de l'un & de l'autre sexe, qui ont ésté éstablies jusqu'à present; ... Avec des figures qui representent tous les differens habillemens de ces ordres & de ces congregations. Tome 1. [-8.].$dA Paris : Chez Jean-Baptiste Coignard, imprimeur & libraire oridaire du Roy, & de l'Académie Françoise, rue saint Jacques, 1721.$g4$w()30230 850 $aSeMil 852 $aSeMil$W1$xVenegono$y1$m3A V 42 FA$j187185$B187185$CSeMilBibl$Z2$F198025 $8I 941 1 $a10 961 $aRecupero: Mantegazza 996 $6245$aTome quatrieme. Suite de la troisième partie, qui comprend toutes les differentes congregations, et les ordres militaires qui ont été soumis à la regle de saint Augustin$9(OLS)http://semarc/title/337511 LEADER 01323nam a2200205 i 4500 001 000000066721 003 CaOOAMICUS 005 19990127000000.0 008 990127s1777 xx u000 u lat u 013 $a37893 026 $antes tae- u-u- qusu (3) 1777 (R) 040 $aSeMil$bita 245 10$aTomus quartus. In quo de Gratia reparatoris, de legum praescriptionibus, atque humanorum officiorum praeceptis disputatur. 300 $a[4], 404, [8] p. 500 $aSegn. : pg2 A-3D4 3E6. 650 4$aGrazia divina - Teologia.$0(OLS)http://semarc/subject/318 773 0 $aBerti, Giovanni Lorenzo <1696-1766>$tJo. Laurentii Berti Florentini fratris eremitae Augustiniani Opus de theologicis disciplinis nunc primum novem voluminibus comprehensum, ... integra etiam adversariorum in auctorem opuscula, quae hactenus prodierunt: tum apologeticas omnes eiusdem dissertationes complectens. ... Tomus 1. [-10.].$dNeapoli : Sumptibus Gaetani Migliaccio : Ex Typocraphia [!] Orsiniana, 1776-1784.$bEditio novissima ab auctore ipso aucta, ...$g4$w()27535 850 $aSeMil 852 $aSeMil$W1$xVenegono$y1$m2N V 4 FA$j32874$B32874$CSeMilBibl$Z2$F32877 $8I 996 $6245$aTomus quartus. In quo de Gratia reparatoris, de legum praescriptionibus, atque humanorum officiorum praeceptis disputatur$9(OLS)http://semarc/title/106151 LEADER 01104nam a2200205 i 4500 001 000000197285 003 CaOOAMICUS 005 20110209000000.0 008 110209s1798 it u000 u ita u 013 $a175972 026 $aa.un ,ee. o.a- dole (3) 1798 (Q) 040 $aSeMil$bita 245 10$aPensieri sulle imposte ed in ispecie sul progetto dei dazj di consumo proposto da una commissione al Gran consiglio. 300 $a16 p. ;$c8°. 500 $aLe iniziali dell'autore in fine al documento. - Per l'attribuzione a Gaetano Porro, cf. Giornale senza titolo, Milano, 1797-1798, n. 88, p. 255. - Luogo di pubblicazione presunto : Milano. - Data di pubblicazione presunta : 1798. - Simbolo repubblicano sul front. 700 1 $aPorro, Gaetano .$0(OLS)http://semarc/name/71423 773 0 $t[Miscellanea.$w()24261 850 $aSeMil 852 $aSeMil$W1$xVenegono$y1$m5A I 17/6 FA$j147844$B147844$CSeMilBibl$Z2$F159325 $8I 996 $6245$aPensieri sulle imposte ed in ispecie sul progetto dei dazj di consumo proposto da una commissione al Gran consiglio$9(OLS)http://semarc/title/284845 LEADER 00559nam a2200169 i 4500 001 000000102937 003 CaOOAMICUS 005 20010911000000.0 008 010911s1982 it u000 u ita u 013 $a75093 040 $aSeMil$bita 245 10$aPartecipazione-Perdono. 300 $aXXIX, 1008 p. 773 0 $tEnciclopedia del diritto.$dMilano : Giuffrè, 1958-1995.$g32$w()3324 850 $aSeMil 852 $aSeMil$W1$xVenegono$y1$mSL1.N VII 47$j258153$B59398$CSeMilBibl$Z2$F43889 $8I 996 $6245$aPartecipazione-Perdono$9(OLS)http://semarc/title/149676 LEADER 00624nam a2200181 i 4500 001 000000160103 003 CaOOAMICUS 005 20260112144956.0 008 070312s1973 it u000 u ita u 040 $aSeMil$bita 245 10$a6: Tempo ordinario :$bsettimane 15-21. 300 $a927 p. 773 0 $tLezionario meditato.$dBologna : EDB, 1972-1973 (Stampa)$gVolume6$w()17432 850 $aSeMil 852 $aSeMil$W1$xVenegono$y1$m3KK II 1/6$j265989$B111581$CSeMilBibl$Z2$F123637 $81 961 $aOmaggio: Altro 996 $6245$a6: Tempo ordinario :$bsettimane 15-21$9(OLS)http://semarc/title/142493 LEADER 00896nam a2200193 i 4500 001 000000124852 003 CaOOAMICUS 005 20040331000000.0 008 040331s1970 be u000 u fre u 013 $a97549 040 $aSeMil$bita 245 10$aTraduction et Commentaire ; Vie grecque de sainte Marthe mère de S. Syméon ; Indices. 300 $aVI, 373 p., [4] c. di tav. ripiegate. 490 0 $aSubsidia hagiographica ;$v32 773 0 $tVie ancienne de S. Syméon Stylite le Jeune.$dBruxelles : Société des Bollandistes, 1962-1970.$kSubsidia hagiographica$g2$w()11302 830 0$aSubsidia hagiographica ;$v32.$0(OLS)http://semarc/title/570 850 $aSeMil 852 $aSeMil$W1$xVenegono$y1$mSL1.S II 32/2$j79367$B79367$CSeMilBibl$Z2$F81533 $8I 996 $6245$aTraduction et Commentaire ; Vie grecque de sainte Marthe mère de S. Syméon ; Indices$9(OLS)http://semarc/title/183780